Гибкие измерительные системы в метрологии

Մատենագիտական մանրամասներ
Հիմնական հեղինակ: Малышев В. М. Владимир Михайлович
Այլ հեղինակներ: Механников А. И. Анатолий Иванович
Լեզու:ռուսերեն
Հրապարակվել է: Москва, Изд-во стандартов, 1988
Խորագրեր:
Ձևաչափ: Գիրք
KOHA link:https://koha.lib.tpu.ru/cgi-bin/koha/opac-detail.pl?biblionumber=34152

MARC

LEADER 00000nam0a2200000 4500
001 34152
005 20231030224006.0
035 |a (RuTPU)RU\TPU\book\34531 
035 |a BOOK00001182 
090 |a 34152 
100 |a 20011210d1988 km y0rusy50 ca 
101 0 |a rus 
102 |a RU 
105 |a y z 000zy 
200 1 |a Гибкие измерительные системы в метрологии  |f В. М. Малышев, А. И. Механников 
210 |a Москва  |c Изд-во стандартов  |d 1988 
215 |a 176 с. 
610 1 |a измерительные системы 
610 1 |a метрология 
610 1 |a гибкие измерительные системы 
675 |a 621:53.08  |v 3 
700 1 |a Малышев  |b В. М.  |g Владимир Михайлович 
701 1 |a Механников  |b А. И.  |g Анатолий Иванович 
801 0 |a RU  |b 63413507  |c 20011210  |g PSBO 
801 2 |a RU  |b 63413507  |c 20220310  |g PSBO 
900 |a Информационно-измерительные системы 
942 |c BK